Responses for Show #1564 - Thursday, May 23, 1991

Contestants

[<< previous game]

Mike Heberling, a marketing analyst originally from Temple, Pennsylvania

Andrea Lehman, a freelance editor from Trenton, New Jersey

Ken DeBusk, a computer instructor from Coldwater, Michigan (whose 1-day cash winnings total $17,800)

[next game >>]

Jeopardy! Round responses

ARTISTS
CITY CUISINE
ROCK LYRICS
KIDDIE LITERATURE
THE U.S. ARMED FORCES
ANAGRAMS
    $100 26
the Sistine Chapel

Mike
    $100 18
the lima bean

Andrea
    $100 2
(Mike: [No response])

"See You Later, Alligator"

AndreaMike
    $100 13
the Earth

Andrea
    $100 1
35

Andrea
    $100 11
the den (NED/DEN)

Mike
    $200 27
Gainsborough

Andrea
    $200 19
a frankfurter

Mike
    $200 3
Father McKenzie

Ken
    $200 14
Little Red Riding Hood

Mike
    $200 7
(Mike: What is a beret?)
(Alex: Be more specific.)
(Mike: What is [*]?)

a green beret

Mike
    $200 12
Reno (NERO/RENO)

Andrea
    $300 28
etching

Andrea
    $300 20
London broil

Andrea
    $300 4
Memphis (Tennessee)

Ken
    $300 15
Dr. Seuss

Mike
    $300 8
the SEALs

Ken
    $300 23
Greta (GREAT/GRETA)

Mike
    $400 29
abstract

Andrea
    $400 21
a Denver omelet (Denver sandwich)

Ken
    $400 5
"She's A Lady"

Ken
    $400 16
Salman Rushdie

Ken
    $400 9
World War II

Mike
    $400 24
Medusa (AMUSED/MEDUSA)

Ken
    $500 30
(Ken: Who is the Thinker?)
---
(Alex: The Thinker is by Rodin. We are referring here to [*], who was seated, thinking.)

Voltaire

Ken
Triple Stumper
    $500 22
[ERRATUM: "Wagyu" was misspelled as shown.]

Kobe beef

Mike
    $500 6
"Song Sung Blue"

Mike
    $800 17
(Ken: Sorry, I don't know.)

Where the Wild Things Are

Ken
    $500 10
an anchor

Triple Stumper
    $500 25
the sheet (THESE/SHEET)

Triple Stumper

Scores at the first commercial break (after clue 17):

Ken Andrea Mike
$800 $500 $1,600

Scores at the end of the Jeopardy! Round:

Ken Andrea Mike
$1,100 $1,800 $2,700

Double Jeopardy! Round responses

HISTORY
NONFICTION
VIVE LA FRANCE
SCIENCE
AWARDS
THE LIBERTY BELL
    $200 8
the United Nations

Mike
    $200 6
(David) Livingstone

Ken
    $200 19
a franc

Mike
    $200 1
a cathode

Mike
    $200 13
Michael Jackson

Mike
    $200 18
Philadelphia

Andrea
    $400 9
(Ken: What is the [*] Emperor?)

the Holy Roman (Empire)

Ken
    $400 7
(Billy) Crystal

Mike
    $400 20
châteaux

Ken
    $400 2
acoustics

Andrea
    $400 14
the Pulitzer Prize

Mike
    $400 24
the half dollar

Ken
    $600 10
Amundsen

Mike
    $600 28
Henry Ford

Ken
    $600 21
communes

Andrea
    $600 3
Einstein

Mike
    $600 15
(D.W.) Griffith

Mike
    $600 25
the Bible

Mike
    $2,500 11
(Mike: What is Poland?)
---
(Alex: Just before reunification.)

East Germany

Mike
    $800 29
Clara Barton

Ken
    $800 22
French Guiana

Ken
    $800 4
kinetic

Ken
    $1,000 16
Canada

Mike
    $800 26
the elm

Mike
    $1000 12
(Mike: What is the Black Knight?)

the Black Prince

Mike
Triple Stumper
    $1000 30
(Norman) Cousins

Andrea
    $1000 23
5 (the Fifth Republic)

Mike
    $1000 5
Foucault

Ken
    $1000 17
an Edgar

Mike
    $1000 27
John Marshall

Ken

Scores at the end of the Double Jeopardy! Round:

Ken Andrea Mike
$7,500 $4,000 $7,000

[wagering suggestions for these scores]

Final Jeopardy! Round responses

ACTRESSES
(Alex: [Before revealing responses] Yes, indeed. "Suddenly you're a building", and they named one after her, a very famous, well-known Broadway theater.)
...
(Alex: [To Andrea] "The First Lady of the American Theatre".)
AndreaWho is Helen Hayes?
$1,000
MikeWho is Helen Hayes?
$6,999
KenWho
$7,500
Helen Hayes

Final scores:

Ken Andrea Mike
$0 $5,000 $13,999
3rd place: Mad Raq tennis rackets 2nd place: Merillat shelving system + a Sanyo color TV New champion: $13,999

Game dynamics:

Coryat scores:

Ken Andrea Mike
$8,300 $4,000 $9,300
17 R,
2 W
(including 1 DD)
13 R,
0 W
24 R
(including 1 DD),
3 W
(including 1 DD)

Combined Coryat: $21,600

[game clues] [game scores] [suggest correction]

Game tape date: 1991-02-25
The J! Archive is created by fans, for fans. Scraping, republication, monetization, and malicious use prohibited; this site may use cookies and collect identifying information. See terms. The Jeopardy! game show and all elements thereof, including but not limited to copyright and trademark thereto, are the property of Jeopardy Productions, Inc. and are protected under law. This website is not affiliated with, sponsored by, or operated by Jeopardy Productions, Inc. Join the discussion at JBoard.tv.